00400nam a2200157Ia 45000010006000000050017000060080041000230410008000640820015000721000025000872450070001122600009001823000035001916500008002266540008002341591020260306170230.0260306t2017||||xx |||||||||||||| ||und|| aESP a620.3bG28 aGatti, Paolo L.eAUT 0aApplied structural and mechanical vibrations:btheory and methods c2017 axxiii, 644 páginas :c23 cm. aGEN aCII